000 00724nam a22002297a 4500
005 20170124110056.0
010 _a493093
020 _c00.00
035 _a493093
037 _bCen. Lib./Ret.
040 _aDPL
_bEN
082 _a951.9
_bWHI
100 _aWhiting, Allens S
_926481
245 _aChina crosses the Yalu :
_cby Allen S Whiting
_bthe decision to enter the Korean War /
260 _aNew York
_bMacmillan
_c1960
300 _ax,219p.
_c23cm(Hb)
490 _aRand Corporation Research Studies
500 _aIncludes bibliographical references and index
650 _aKorean War, 1950-1953 -- China
_926482
650 _aPhilosophy, Chinese
_926483
942 _2ddc
_cEN
_h951.9
_mWHI
999 _c129477
_d129477